Guía práctica para conservar y recobrar la salud, o Tratado completo de medicina y farmacia domésticas al alcance de todo el mundo... : (Record no. 167751)

MARC details
000 -LEADER
campo de control de longitud fija 00968nam a22002055i 4500
001 - NÚMERO DE CONTROL
campo de control 167751
003 - IDENTIFICADOR DE NÚMERO DE CONTROL
campo de control ES-MaACL
005 - FECHA Y HORA DE LA ÚLTIMA TRANSACCIÓN
campo de control 20250806064056.0
008 - DATOS DE LONGITUD FIJA--INFORMACIÓN GENERAL
campo de control de longitud fija 971021s1879 sp |||| | spa d
080 ## - NÚMERO DE LA CLASIFICACIÓN DECIMAL UNIVERSAL
Número de la Clasificación Decimal Universal 61(035.062)
100 1# - ENTRADA PRINCIPAL--NOMBRE DE PERSONA
Nombre de persona Vollet, E.
9 (RLIN) 133826
245 10 - MENCIÓN DEL TÍTULO
Título Guía práctica para conservar y recobrar la salud, o Tratado completo de medicina y farmacia domésticas al alcance de todo el mundo... :
Resto del título dividida en tres partes... /
Mención de responsabilidad, etc. por E. Vollet.
260 ## - PUBLICACIÓN, DISTRIBUCIÓN, ETC.
Lugar de publicación, distribución, etc. Madrid :
Nombre del editor, distribuidor, etc. A. de San Martín,
Fecha de publicación, distribución, etc. 1879.
300 ## - DESCRIPCIÓN FÍSICA
Extensión 445 p. ;
Dimensiones 19 cm.
505 8# - NOTA DE CONTENIDO CON FORMATO
Nota de contenido con formato Contiene: 1ª Parte. Descripción de todas las enfermedades ordenadas por orden alfabético -- 2ª Parte: 1ª Sección. Botánica medicinal ; 2ª Sección. Farmacia doméstica -- 3ª Parte. Nociones de higiene práctica
650 #4 - PUNTO DE ACCESO ADICIONAL DE MATERIA--TÉRMINO DE MATERIA
Término de materia o nombre geográfico como elemento de entrada Medicina-
Subdivisión de forma Obras de divulgación.
9 (RLIN) 14913
650 #7 - PUNTO DE ACCESO ADICIONAL DE MATERIA--TÉRMINO DE MATERIA
Término de materia o nombre geográfico como elemento de entrada Plantas medicinales
Fuente del encabezamiento o término embne
9 (RLIN) 16118
852 4# - LOCALIZACIÓN
Ubicación ES-MaACL
Número de control de estantería B-13454
Nota libre - Enc. pasta española
Holdings
Estatus retirado Estado de pérdida Estado de daño No para préstamo Colección Biblioteca de origen Biblioteca actual Ubicación en estantería Fecha de adquisición Fuente de adquisición Total de préstamos Signatura topográfica completa Código de barras Visto por última vez Precio de reemplazo Tipo de ítem Koha
        Libros del s. XIX Biblioteca del Ateneo de Madrid Biblioteca del Ateneo de Madrid Sala Pardo Bazán 17/01/2008     B-13454 1175988 23/02/2023 23/02/2023 Libro impreso antiguo